| 000 | 00704nam a2200241 a 4500 | ||
|---|---|---|---|
| 001 | 53107 | ||
| 003 | BD-RjUL | ||
| 005 | 20211209075917.0 | ||
| 008 | 161003s1996 enka b 001 0 eng | ||
| 020 | _a0521462304 | ||
| 020 | _a0521467837 (pbk.) | ||
| 035 | _a(BD-RjUL)53227 | ||
| 040 |
_aDLC _cDLC _dDLC _dBD-RjUL _beng |
||
| 041 | _aeng | ||
| 082 | 0 | 0 |
_a523.1 _223 _bPAC 1996 |
| 100 | 1 |
_aPadmanabhan, T. _q(Thanu), _d1957- _9158734 |
|
| 245 | 1 | 0 |
_aCosmology and astrophysics through problems / _cT. Padmanabhan. |
| 260 |
_aCambridge : _bCambridge University Press, _c1996. |
||
| 300 |
_axxv, 486 p. : _bill. ; _c26 cm. |
||
| 500 | _aIncludes index. | ||
| 650 | 0 |
_aCosmology _9158735 |
|
| 942 |
_2ddc _cBK |
||
| 999 |
_c53107 _d53107 |
||